[Event "DEM U14 2003"]
[Site "Willingen GER"]
[Date "2003.06.14"]
[Round "9"]
[White "Rietze, Clemens"]
[Black "Billing, Christian"]
[Result "0-1"]
[Termination "normal"]
[Board "11"]
[WhiteElo "1716"]
[BlackElo "1797"]
[PlyCount "58"]
[WhiteFideId "24620351"]
[BlackFideId "4697294"]
[EventCountry "GER"]
[EventRounds "9"]
[EventType "swiss"]
[EventDate "2003.06.07"]

1. e4 c5 2. Nf3 e6 3. d4 cxd4 4. Nxd4 a6 5. Nc3 Qc7 6. g3 Nf6 7. Bg2 Be7 8. O-O
d6 9. f4 Nc6 10. Be3 O-O 11. Nxc6 bxc6 12. g4 Nd7 13. f5 d5 14. g5 Bd6 15. Qh5
Be5 16. Rf3 g6 17. Qh4 d4 18. f6 h5 19. gxh6 Kh7 20. Bf4 Bxf4 21. Rxf4 dxc3 22.
bxc3 Qe5 23. Raf1 Rb8 24. Qg3 a5 25. h4 Ba6 26. R1f2 Rb7 27. Bf3 Qxc3 28. h5
Rb1+ 29. Kh2 Rg8 0-1

[Event "DEM U14 2003"]
[Site "Willingen GER"]
[Date "2003.06.14"]
[Round "9"]
[White "Friedrich, Paul-Robert"]
[Black "Völbel, Patrick"]
[Result "0-1"]
[Termination "normal"]
[Board "12"]
[WhiteElo "1599"]
[BlackElo "1815"]
[PlyCount "86"]
[WhiteFideId "24616036"]
[BlackFideId "24622583"]
[EventCountry "GER"]
[EventRounds "9"]
[EventType "swiss"]
[EventDate "2003.06.07"]

1. d4 Nf6 2. c4 c5 3. d5 e6 4. Nc3 exd5 5. cxd5 d6 6. e4 g6 7. f4 Nfd7 8. Nf3
Bg7 9. Be2 O-O 10. O-O Re8 11. Re1 Bxc3 12. bxc3 Rxe4 13. Ng5 Re8 14. Bg4 Nf6
15. Bxc8 Rxe1+ 16. Qxe1 Qxc8 17. Qe7 Qe8 18. Qxe8+ Nxe8 19. Bb2 Nd7 20. c4 h6
21. Ne4 f5 22. Nd2 Nc7 23. a4 Re8 24. Rb1 b6 25. Bc3 a6 26. Kf2 Kf7 27. Kf3 Rb8
28. h3 Ne8 29. Ba1 Nef6 30. g4 Re8 31. Bxf6 Kxf6 32. Rb3 Re1 33. Rb1 Rxb1 34.
Nxb1 g5 35. Nd2 fxg4+ 36. Kxg4 gxf4 37. Kxf4 Ne5 38. Ke4 Kg5 39. Nf3+ Nxf3 40.
Kxf3 Kf5 41. Ke3 Ke5 42. h4 h5 43. Kf3 b5 0-1

[Event "DEM U14 2003"]
[Site "Willingen GER"]
[Date "2003.06.14"]
[Round "9"]
[White "Bogner, Sebastian"]
[Black "Kölsch, Maximilian"]
[Result "1-0"]
[Termination "normal"]
[Board "13"]
[WhiteElo "1996"]
[BlackElo "1688"]
[PlyCount "57"]
[WhiteFideId "4692055"]
[BlackFideId "24618462"]
[EventCountry "GER"]
[EventRounds "9"]
[EventType "swiss"]
[EventDate "2003.06.07"]

1. e4 c5 2. Nc3 Nc6 3. Nge2 e6 4. d4 cxd4 5. Nxd4 a6 6. Be2 Qc7 7. O-O Nf6 8.
a3 b6 9. Be3 Ne5 10. f3 Bb7 11. Qd2 d6 12. Rad1 Ned7 13. Bd3 Be7 14. a4 O-O 15.
g4 Nc5 16. g5 Nfd7 17. f4 Nxd3 18. cxd3 Rfd8 19. Qf2 Nf8 20. f5 e5 21. f6 exd4
22. fxg7 Bxg5 23. Bxg5 dxc3 24. Bxd8 Rxd8 25. gxf8=Q+ Rxf8 26. bxc3 Qxc3 27.
Qf6 Qxf6 28. Rxf6 Rd8 29. Rb1 1-0

[Event "DEM U14 2003"]
[Site "Willingen GER"]
[Date "2003.06.14"]
[Round "9"]
[White "Forchmann, Georg"]
[Black "Schmidt, Armin"]
[Result "1/2-1/2"]
[Termination "normal"]
[Board "14"]
[WhiteElo "1637"]
[BlackElo "1668"]
[PlyCount "112"]
[BlackFideId "24610160"]
[EventCountry "GER"]
[EventRounds "9"]
[EventType "swiss"]
[EventDate "2003.06.07"]

1. e4 c6 2. d4 d5 3. exd5 cxd5 4. c4 Nf6 5. Nc3 e6 6. Nf3 Nc6 7. cxd5 Nxd5 8.
Bb5 Bd7 9. Nxd5 exd5 10. O-O Be7 11. Qb3 O-O 12. Qxd5 a6 13. Bxc6 Bxc6 14. Qxd8
Rfxd8 15. Ne5 Bb5 16. Rd1 f6 17. Nf3 Rac8 18. Bf4 Rc2 19. b3 Ba3 20. Rd2 Rc1+
21. Rd1 Rc2 22. Be3 Bb2 23. Rab1 Be2 24. Rd2 Rxd2 25. Nxd2 Bxd4 26. Bxd4 Rxd4
27. Nf1 Rd1 28. Rxd1 Bxd1 29. Ne3 Be2 30. f4 Kf7 31. Kf2 Bd3 32. Nd1 Ke6 33.
Ke3 Bb5 34. Nc3 Bc6 35. g4 g6 36. Ne4 h6 37. g5 hxg5 38. fxg5 f5 39. Nc5+ Kd5
40. Nd3 Be8 41. Nf4+ Ke5 42. Nd3+ Kd6 43. Kd4 b6 44. Ne5 Ke6 45. a3 a5 46. Nc4
a4 47. bxa4 Bxa4 48. Nxb6 Bc6 49. Nc4 f4 50. Ne5 f3 51. Ng4 Kf5 52. h3 Kxg5 53.
Ke3 Kh4 54. Kf2 Kxh3 55. Ne5 Bb7 56. Nxg6 Kg4 1/2-1/2

[Event "DEM U14w 2003"]
[Site "Willingen GER"]
[Date "2003.06.08"]
[Round "1"]
[White "Weiß, Katharina"]
[Black "Zikeli, Saskia"]
[Result "1-0"]
[Termination "normal"]
[Board "1"]
[WhiteElo "1541"]
[BlackElo "1830"]
[PlyCount "87"]
[WhiteFideId "24692859"]
[BlackFideId "24601543"]
[EventCountry "GER"]
[EventRounds "9"]
[EventType "swiss"]
[EventDate "2003.06.07"]

1. e4 c5 2. Nc3 Nc6 3. g3 g6 4. Bg2 Bg7 5. d3 d6 6. f4 e6 7. Nf3 Nge7 8. O-O
Nd4 9. Be3 O-O 10. Rb1 Rb8 11. Ne2 Nec6 12. c3 Nxe2+ 13. Qxe2 b5 14. e5 b4 15.
c4 Qb6 16. Qf2 Rd8 17. d4 cxd4 18. Bxd4 Nxd4 19. Nxd4 Bb7 20. Rbd1 Bxg2 21.
Kxg2 dxe5 22. fxe5 Qb7+ 23. Qf3 Qxf3+ 24. Nxf3 Rbc8 25. b3 Kf8 26. Rxd8+ Rxd8
27. Rf2 Rd1 28. Ng5 Bxe5 29. Rxf7+ Ke8 30. Rxa7 Rd2+ 31. Kh3 h6 32. Nxe6 g5 33.
Rh7 Rxa2 34. Rxh6 Ra3 35. Nxg5 Bc3 36. Rb6 Rxb3 37. Ne4 Be1 38. Nc5 Rb1 39. Kg2
Bc3 40. h4 Rb2+ 41. Kh3 Rb1 42. Kg4 Kd8 43. Rd6+ Kc7 44. Rd3 1-0

[Event "DEM U14w 2003"]
[Site "Willingen GER"]
[Date "2003.06.08"]
[Round "1"]
[White "Ohme, Melanie"]
[Black "Goergen, Barbara"]
[Result "1-0"]
[Termination "normal"]
[Board "2"]
[WhiteElo "1736"]
[BlackElo "1526"]
[PlyCount "51"]
[WhiteFideId "4690745"]
[EventCountry "GER"]
[EventRounds "9"]
[EventType "swiss"]
[EventDate "2003.06.07"]

1. e4 c6 2. Nc3 d5 3. d3 dxe4 4. Nxe4 Bf5 5. Qe2 e6 6. Bd2 Nd7 7. h3 Ngf6 8. g4
Bxe4 9. dxe4 Nc5 10. Bg2 Qc7 11. O-O-O O-O-O 12. f4 Be7 13. g5 Nfd7 14. Nf3 Nb6
15. h4 f5 16. Ne1 g6 17. Kb1 Bf8 18. Nd3 Nxd3 19. cxd3 Bg7 20. Bc1 Kb8 21. h5
Qf7 22. Rh3 h6 23. Rdh1 Kc8 24. Bf3 Rh7 25. hxg6 Qxg6 26. Bh5 1-0

[Event "DEM U14w 2003"]
[Site "Willingen GER"]
[Date "2003.06.08"]
[Round "1"]
[White "Laake, Jasmin"]
[Black "Dittrich, Jacqueline"]
[Result "1-0"]
[Termination "normal"]
[Board "4"]
[WhiteElo "1669"]
[BlackElo "1473"]
[PlyCount "105"]
[WhiteFideId "4699939"]
[BlackFideId "24666270"]
[EventCountry "GER"]
[EventRounds "9"]
[EventType "swiss"]
[EventDate "2003.06.07"]

1. e4 Nf6 2. e5 Nd5 3. d4 d6 4. c4 Nb6 5. exd6 cxd6 6. Nc3 g6 7. Be3 Bg7 8. Rc1
O-O 9. b3 Nc6 10. g3 e6 11. Bg2 Qc7 12. Nge2 Ne7 13. f4 Nf5 14. Bf2 e5 15. fxe5
dxe5 16. d5 Nd7 17. g4 Nh6 18. h3 f5 19. gxf5 gxf5 20. O-O e4 21. d6 Qa5 22.
Qd5+ Qxd5 23. Nxd5 b6 24. b4 Be5 25. c5 bxc5 26. bxc5 Ba6 27. Rfe1 Rab8 28. c6
Nf6 29. Nxf6+ Rxf6 30. c7 Ra8 31. d7 Bxc7 32. Rxc7 Rd8 33. Rxa7 Bb5 34. Bh4
Rff8 35. Bxd8 Rxd8 36. Nf4 Rxd7 37. Rxd7 Bxd7 38. Rd1 Bb5 39. Bf1 Ba4 40. Rd4
Bc2 41. Nh5 Kf7 42. a4 Bxa4 43. Rxa4 Kg6 44. Nf4+ Kg5 45. Ng2 Ng8 46. Ra7 h6
47. Rg7+ Kf6 48. Rxg8 Ke5 49. Rh8 Kd4 50. Rxh6 e3 51. Nxe3 Kxe3 52. Rf6 f4 53.
Bg2 1-0

[Event "DEM U14w 2003"]
[Site "Willingen GER"]
[Date "2003.06.08"]
[Round "1"]
[White "Vollak, Marleen"]
[Black "Fuchs, Judith"]
[Result "1/2-1/2"]
[Termination "normal"]
[Board "5"]
[WhiteElo "1454"]
[BlackElo "1655"]
[PlyCount "62"]
[WhiteFideId "24624233"]
[BlackFideId "24605611"]
[EventCountry "GER"]
[EventRounds "9"]
[EventType "swiss"]
[EventDate "2003.06.07"]

1. d4 d5 2. c4 e6 3. Nc3 Nf6 4. cxd5 exd5 5. Bg5 Nbd7 6. e3 Be7 7. Qc2 a6 8.
Bd3 O-O 9. Nf3 h6 10. Bh4 b6 11. O-O Bb7 12. Rab1 Rc8 13. b4 Ne8 14. Bg3 Nd6
15. Qb3 c6 16. Rfc1 Nf6 17. Na4 Nfe4 18. Bf4 Kh8 19. Rc2 g5 20. Bg3 f6 21. Rbc1
h5 22. Nc3 Nxc3 23. Bxd6 Qxd6 24. Rxc3 Kg7 25. a3 Rh8 26. Bf5 Rcg8 27. Qc2 Kf7
28. Rb1 h4 29. h3 Rg7 30. a4 Rhg8 31. Kf1 Rh8 1/2-1/2

[Event "DEM U14w 2003"]
[Site "Willingen GER"]
[Date "2003.06.08"]
[Round "1"]
[White "Nguyen, Hoa My"]
[Black "Hofmann, Christine"]
[Result "1-0"]
[Termination "normal"]
[Board "6"]
[WhiteElo "1627"]
[BlackElo "1445"]
[PlyCount "83"]
[EventCountry "GER"]
[EventRounds "9"]
[EventType "swiss"]
[EventDate "2003.06.07"]

1. e4 e6 2. d4 d5 3. Nd2 Nc6 4. Ngf3 Bd7 5. c3 Nge7 6. Bd3 Ng6 7. Nf1 Be7 8. g3
O-O 9. h4 f5 10. e5 h6 11. h5 Nh8 12. Nh4 Be8 13. Qf3 Bg5 14. Bf4 a6 15. Ne3 b5
16. Rh3 Rb8 17. Be2 a5 18. Qh1 b4 19. Nf3 Bxf4 20. gxf4 bxc3 21. bxc3 Rb2 22.
Nd1 Rb6 23. Qg2 Rf7 24. Rg3 Qb8 25. Bd3 Nd8 26. Nh4 Bb5 27. Bc2 Qc8 28. Ne3 c5
29. Nhxf5 exf5 30. Nxf5 Qd7 31. dxc5 Rc6 32. Rb1 Ba4 33. Bxa4 Qxf5 34. Rb8 Kh7
35. Rxd8 Qb1+ 36. Kd2 Qb2+ 37. Bc2+ g6 38. hxg6+ Nxg6 39. Rh3 Rg7 40. Rxh6+
Kxh6 41. Qh3+ Nh4 42. Qxh4# 1-0

[Event "DEM U14w 2003"]
[Site "Willingen GER"]
[Date "2003.06.08"]
[Round "1"]
[White "Tovmasian, Nelli"]
[Black "Tischer, Jana"]
[Result "1-0"]
[Termination "normal"]
[Board "7"]
[WhiteElo "1433"]
[BlackElo "1619"]
[PlyCount "113"]
[WhiteFideId "24611735"]
[BlackFideId "24617164"]
[EventCountry "GER"]
[EventRounds "9"]
[EventType "swiss"]
[EventDate "2003.06.07"]

1. e4 d5 2. exd5 Nf6 3. Bb5+ Nbd7 4. c4 a6 5. Ba4 b5 6. cxb5 Nxd5 7. Nc3 Nc5 8.
b6+ Nxa4 9. Qxa4+ Bd7 10. bxc7 Qxc7 11. Qe4 Nb6 12. Nf3 Bc6 13. Qe2 e6 14. O-O
Nd5 15. Qe5 Bd6 16. Qxg7 Kd7 17. Re1 Raf8 18. Ne5+ Ke8 19. g3 Nf4 20. Nxc6 Qxc6
21. Ne4 Bc5 22. d4 Rhg8 23. Qe5 Nh3+ 24. Kg2 Bb4 25. Qb8+ Ke7 26. Qxb4+ Kd8 27.
Qd6+ Qxd6 28. Nxd6 Ng5 29. Bxg5+ Rxg5 30. Re5 Rg4 31. f4 Kd7 32. Ne4 Rg6 33.
Nc5+ Kd6 34. Nxa6 Ra8 35. Nc5 Rgg8 36. a4 Rgb8 37. Ra2 Rb4 38. Ne4+ Kc6 39.
Rc5+ Kd7 40. a5 Rxd4 41. Nf6+ Kd6 42. Rb5 Kc6 43. Rb6+ Kc5 44. Nd7+ Kc4 45. b3+
Kc3 46. Nc5 Rd5 47. b4 Kc4 48. Rc2+ Kd4 49. Rd2+ Ke3 50. Rxd5 exd5 51. a6 d4
52. Rd6 Ra7 53. b5 Rc7 54. Rc6 Re7 55. b6 d3 56. Nxd3 Kxd3 57. b7 1-0

[Event "DEM U14w 2003"]
[Site "Willingen GER"]
[Date "2003.06.08"]
[Round "1"]
[White "Jehle, Anja"]
[Black "Mucha, Annegret"]
[Result "0-1"]
[Termination "time forfeit"]
[Board "8"]
[WhiteElo "1618"]
[BlackElo "1409"]
[PlyCount "78"]
[WhiteFideId "24631434"]
[BlackFideId "24622788"]
[EventCountry "GER"]
[EventRounds "9"]
[EventType "swiss"]
[EventDate "2003.06.07"]

1. d4 d5 2. c4 e6 3. Nc3 f5 4. Bf4 c6 5. e3 Nf6 6. Bd3 Be7 7. Nge2 O-O 8. f3 b6
9. O-O Ba6 10. cxd5 Bxd3 11. Qxd3 cxd5 12. Nb5 Na6 13. Rac1 Qd7 14. Nc7 Nb4 15.
Qb3 Rac8 16. a3 Nc6 17. Nb5 Na5 18. Qd3 Nc4 19. a4 Nxb2 20. Qb3 Nc4 21. Be5 Nd2
22. Qd3 Nxf1 23. Rxf1 Rc4 24. Qb3 Rfc8 25. Nbc3 Rb4 26. Qa2 a6 27. Rb1 Rcc4 28.
Ra1 Ne8 29. Qc2 Rc8 30. Qa2 b5 31. axb5 axb5 32. Qa6 Rb3 33. Nd1 b4 34. Qa2 Ra3
35. Qb2 Rxa1 36. Qxa1 Qb5 37. Nf4 Rc6 38. Qb1 b3 39. Nb2 Ba3 0-1

[Event "DEM U14w 2003"]
[Site "Willingen GER"]
[Date "2003.06.08"]
[Round "1"]
[White "Benzen, Marthe"]
[Black "Saak, Sarah"]
[Result "0-1"]
[Termination "normal"]
[Board "9"]
[WhiteElo "1405"]
[BlackElo "1611"]
[PlyCount "60"]
[WhiteFideId "24647764"]
[EventCountry "GER"]
[EventRounds "9"]
[EventType "swiss"]
[EventDate "2003.06.07"]

1. e4 e6 2. d4 d5 3. Nd2 dxe4 4. Nxe4 Nd7 5. Nf3 Ngf6 6. Nxf6+ Nxf6 7. Bd3 c5
8. c3 cxd4 9. Nxd4 Be7 10. Bf4 O-O 11. Qc2 Qd5 12. Nf3 Rd8 13. Rd1 Qh5 14. O-O
Nd5 15. Bg3 b6 16. Rfe1 Bf6 17. Be5 Bb7 18. Bxf6 Nxf6 19. Re5 Qh6 20. Qd2 Qxd2
21. Rxd2 Rd7 22. Nd4 Rad8 23. Bb5 Rd6 24. Rde2 h6 25. Nb3 Ng4 26. h3 Rd1+ 27.
Re1 Nxe5 28. Rxd1 Rxd1+ 29. Kh2 a6 30. Be2 Rb1 0-1

[Event "DEM U14w 2003"]
[Site "Willingen GER"]
[Date "2003.06.08"]
[Round "1"]
[White "Gossmann, Anna Maria"]
[Black "Völschow, Toni"]
[Result "1-0"]
[Termination "normal"]
[Board "10"]
[WhiteElo "1575"]
[BlackElo "1382"]
[PlyCount "239"]
[BlackFideId "24622591"]
[EventCountry "GER"]
[EventRounds "9"]
[EventType "swiss"]
[EventDate "2003.06.07"]

1. e4 c5 2. Nf3 d6 3. d4 cxd4 4. Nxd4 Nf6 5. Nc3 a6 6. Be2 e6 7. O-O Be7 8. a4
Bd7 9. f4 Nc6 10. Be3 O-O 11. Kh1 Qc7 12. Bf3 Rac8 13. Qe1 Nxd4 14. Bxd4 e5 15.
Be3 Bc6 16. Rd1 Rfd8 17. Qf2 Rd7 18. Qg3 b5 19. axb5 axb5 20. fxe5 dxe5 21.
Rxd7 Bxd7 22. Rc1 b4 23. Nd1 Bc5 24. Bg5 Ne8 25. Nf2 f6 26. Bd2 Bxf2 27. Qxf2
b3 28. c3 Nd6 29. Qg3 Nc4 30. Bh6 Be6 31. Rb1 Kh8 32. Bc1 Qa5 33. Be2 Qa2 34.
Bd3 Rd8 35. Qf3 Bf7 36. Qf1 Ra8 37. Qe2 Rd8 38. h3 Be6 39. Be3 Rxd3 40. Qxd3
Nxe3 41. Kh2 h6 42. Re1 Nc2 43. Re2 Qxb2 44. Rd2 Qa3 45. Rd1 Na1 46. Qb1 Nc2
47. Rd8+ Kh7 48. Rb8 Qa2 49. Qc1 Qa1 50. Qd2 Qa7 51. Qd8 Kg6 52. Ra8 Qd7 53.
Qb6 b2 54. Qxb2 Qd3 55. Ra4 Ne3 56. Qf2 Qxc3 57. Ra7 Nc4 58. Rc7 Qe3 59. Qc2
Qd4 60. Qb1 Nd2 61. Qb7 Nf1+ 62. Kh1 Kh5 63. Rxg7 Nd2 64. Rh7 Nxe4 65. Qb1 Kg6
66. Re7 Kf5 67. Rh7 Qf2 68. Kh2 Qf4+ 69. Kh1 Kg6 70. Re7 Kf5 71. Qg1 Bd5 72.
Qb1 Kg5 73. Rg7+ Kf5 74. Re7 Qf2 75. Rd7 Ba2 76. Qg1 Qxg1+ 77. Kxg1 Kf4 78. Rh7
Kg5 79. Kf1 f5 80. Rd7 Kf4 81. Rh7 Kg5 82. Re7 Kf6 83. Rh7 Bc4+ 84. Ke1 Kg6 85.
Re7 Kf6 86. Rh7 f4 87. Rxh6+ Kg5 88. Rc6 Bd5 89. Rc5 Nf6 90. Kf2 Kf5 91. Ra5
Ne4+ 92. Ke2 Ng3+ 93. Kf2 Be4 94. Ra4 Bd3 95. Ra3 Bf1 96. Rxg3 fxg3+ 97. Kxf1
Ke4 98. Ke2 Kf4 99. h4 Kg4 100. Ke3 Kxh4 101. Ke4 Kg4 102. Kxe5 Kg5 103. Ke4
Kg4 104. Ke3 Kh4 105. Kf3 Kh5 106. Kxg3 Kg5 107. Kf2 Kh5 108. Kf3 Kg5 109. Kg3
Kf5 110. Kh4 Kg6 111. Kg4 Kf6 112. Kh5 Kg7 113. Kg5 Kf7 114. Kh6 Kf6 115. g4
Kf7 116. g5 Kg8 117. Kg6 Kf8 118. Kh7 Kf7 119. g6+ Ke6 120. g7 1-0

[Event "DEM U14w 2003"]
[Site "Willingen GER"]
[Date "2003.06.08"]
[Round "1"]
[White "Weber, Kristina"]
[Black "Zemella, Jennifer"]
[Result "0-1"]
[Termination "normal"]
[Board "11"]
[WhiteElo "1363"]
[BlackElo "1553"]
[PlyCount "94"]
[BlackFideId "24636096"]
[EventCountry "GER"]
[EventRounds "9"]
[EventType "swiss"]
[EventDate "2003.06.07"]

1. d4 Nf6 2. c4 c5 3. e3 e6 4. Bd3 g6 5. Qf3 Bg7 6. Ne2 Nc6 7. Nbc3 O-O 8. O-O
Re8 9. a3 d6 10. Rd1 cxd4 11. exd4 e5 12. d5 Nd4 13. Nxd4 Bg4 14. Qg3 Bxd1 15.
Nde2 Bxe2 16. Bxe2 a6 17. h4 Qd7 18. h5 Qf5 19. h6 Bf8 20. Bg5 Ne4 21. Nxe4
Qxe4 22. Re1 Rab8 23. Kf1 Qc2 24. b4 Qf5 25. Qh4 Qd7 26. Bd1 f5 27. Bf6 Be7 28.
Bg5 Qd8 29. f4 Bxg5 30. fxg5 Qc7 31. Re3 e4 32. Be2 Re7 33. Qf4 Rf8 34. Ke1 Re5
35. Kd2 b6 36. Kc3 Rxd5 37. Kb3 Re5 38. g4 Rfe8 39. gxf5 Rxf5 40. Qg4 Qc6 41.
Qg3 a5 42. b5 Qc5 43. Bd3 a4+ 44. Ka2 Rxg5 45. Qh3 Rh5 46. Qd7 Qe5 47. Bxe4
Rh2+ 0-1

[Event "DEM U14w 2003"]
[Site "Willingen GER"]
[Date "2003.06.08"]
[Round "1"]
[White "Erben, Larissa"]
[Black "Ley, Janine"]
[Result "0-1"]
[Termination "normal"]
[Board "12"]
[WhiteElo "1551"]
[BlackElo "1360"]
[PlyCount "70"]
[WhiteFideId "24634590"]
[BlackFideId "24671274"]
[EventCountry "GER"]
[EventRounds "9"]
[EventType "swiss"]
[EventDate "2003.06.07"]

1. e4 c5 2. Nf3 Nc6 3. d4 cxd4 4. Nxd4 Nf6 5. Nc3 d6 6. Be2 g6 7. Be3 Bd7 8. f3
Bg7 9. Qd2 h5 10. O-O-O Qc7 11. Ncb5 Qc8 12. Nxc6 bxc6 13. Nc3 Qb7 14. Bc4 O-O
15. Bh6 Rfb8 16. b3 Qb4 17. Bxg7 Kxg7 18. h4 a5 19. Be2 Qa3+ 20. Kb1 a4 21. g4
Be6 22. gxh5 axb3 23. cxb3 Bxb3 24. Rdg1 Bxa2+ 25. Kc2 Rb2+ 26. Kd1 Bb3+ 27.
Ke1 Rxd2 28. Kxd2 Qb2+ 29. Ke1 Qxc3+ 30. Kf2 Nxh5 31. Rc1 Qd4+ 32. Ke1 Ra2 33.
Kf1 Rxe2 34. Kxe2 Ng3+ 35. Ke1 Qe3# 0-1

[Event "DEM U14w 2003"]
[Site "Willingen GER"]
[Date "2003.06.08"]
[Round "1"]
[White "Popovic, Nathalie"]
[Black "Gasch, Franziska"]
[Result "0-1"]
[Termination "normal"]
[Board "13"]
[WhiteElo "1334"]
[BlackElo "1546"]
[PlyCount "44"]
[WhiteFideId "24630292"]
[BlackFideId "24632139"]
[EventCountry "GER"]
[EventRounds "9"]
[EventType "swiss"]
[EventDate "2003.06.07"]

1. d4 Nf6 2. c4 e5 3. dxe5 Ng4 4. Nf3 Bc5 5. e3 Nc6 6. Nc3 Ngxe5 7. Nxe5 Nxe5
8. Be2 O-O 9. O-O d6 10. b3 Bd7 11. Bb2 Ng6 12. Qc2 f5 13. Bd3 Qg5 14. Ne2 Bc6
15. e4 Nh4 16. g3 Rae8 17. Nc3 Nf3+ 18. Kg2 Rf6 19. Bc1 Qh5 20. Rh1 Nd4 21. Qd2
Qf3+ 22. Kg1 fxe4 0-1

[Event "DEM U14w 2003"]
[Site "Willingen GER"]
[Date "2003.06.08"]
[Round "1"]
[White "Nuber, Helene"]
[Black "Nekrassova, Katja"]
[Result "1-0"]
[Termination "normal"]
[Board "14"]
[WhiteElo "1542"]
[BlackElo "1220"]
[PlyCount "35"]
[WhiteFideId "24613045"]
[EventCountry "GER"]
[EventRounds "9"]
[EventType "swiss"]
[EventDate "2003.06.07"]

1. e4 c5 2. Nc3 Nc6 3. g3 Nf6 4. Bg2 e6 5. Nge2 Be7 6. d3 b6 7. O-O O-O 8. f4
d5 9. b3 Bb7 10. Re1 dxe4 11. Nxe4 Rb8 12. Bb2 Nd5 13. Qd2 Bf6 14. Nxf6+ Nxf6
15. Rad1 Re8 16. Qc3 Qc7 17. a3 Nd5 18. Qxg7# 1-0

[Event "DEM U14w 2003"]
[Site "Willingen GER"]
[Date "2003.06.08"]
[Round "2"]
[White "Zemella, Jennifer"]
[Black "Ohme, Melanie"]
[Result "0-1"]
[Termination "normal"]
[Board "1"]
[WhiteElo "1553"]
[BlackElo "1736"]
[PlyCount "76"]
[WhiteFideId "24636096"]
[BlackFideId "4690745"]
[EventCountry "GER"]
[EventRounds "9"]
[EventType "swiss"]
[EventDate "2003.06.07"]

1. e4 c5 2. d4 cxd4 3. c3 dxc3 4. Nxc3 e6 5. Bc4 a6 6. Nf3 b5 7. Bb3 Bb7 8. O-O
d6 9. Qe2 Nd7 10. Rd1 Ngf6 11. Bf4 b4 12. Nb1 Nxe4 13. Bc2 Ndc5 14. Nfd2 Nxd2
15. Nxd2 Be7 16. Nc4 d5 17. Rac1 O-O 18. Qh5 g6 19. Qg4 Nd7 20. Nd2 Rc8 21. Bh6
Re8 22. Nf3 Bf6 23. Qxb4 Ba8 24. Qa3 Ne5 25. Nxe5 Bxe5 26. Ba4 Bxh2+ 27. Kf1
Bd6 28. Rxc8 Qxc8 29. Qd3 Rd8 30. Bg5 f6 31. Rc1 Qb7 32. Bxf6 Rf8 33. Bc3 Bf4
34. Bd2 Qxb2 35. Bxf4 Rxf4 36. Qe3 Rxf2+ 37. Qxf2 Qxc1+ 38. Qe1 Qxe1+ 0-1

[Event "DEM U14w 2003"]
[Site "Willingen GER"]
[Date "2003.06.08"]
[Round "2"]
[White "Mader, Manuela"]
[Black "Nuber, Helene"]
[Result "1/2-1/2"]
[Termination "normal"]
[Board "2"]
[WhiteElo "1672"]
[BlackElo "1542"]
[PlyCount "80"]
[WhiteFideId "24612928"]
[BlackFideId "24613045"]
[EventCountry "GER"]
[EventRounds "9"]
[EventType "swiss"]
[EventDate "2003.06.07"]

1. e4 Nf6 2. e5 Nd5 3. d4 d6 4. c4 Nb6 5. exd6 exd6 6. h3 Nc6 7. Nf3 Be7 8. a3
Bf6 9. Be3 O-O 10. Bd3 Re8 11. O-O h6 12. Nc3 Na5 13. b3 Be6 14. Ne4 d5 15.
Nxf6+ Qxf6 16. c5 Nd7 17. Rb1 Rac8 18. Qd2 Nc6 19. b4 Bxh3 20. gxh3 Qxf3 21.
Kh2 Qf6 22. Rg1 Kh8 23. Bc2 b6 24. Rg4 Nde5 25. dxe5 Nxe5 26. Rf4 Qxf4+ 27.
Bxf4 Nf3+ 28. Kg3 Nxd2 29. Bxd2 Re2 30. Bf5 Rce8 31. Be3 g6 32. Bg4 R2xe3+ 33.
fxe3 Rxe3+ 34. Kg2 Rxa3 35. c6 d4 36. Kf2 f5 37. Bf3 Ra2+ 38. Kg1 Ra3 39. Kf2
Ra2+ 40. Kg1 Ra3 1/2-1/2

[Event "DEM U14w 2003"]
[Site "Willingen GER"]
[Date "2003.06.08"]
[Round "2"]
[White "Gasch, Franziska"]
[Black "Laake, Jasmin"]
[Result "0-1"]
[Termination "normal"]
[Board "3"]
[WhiteElo "1546"]
[BlackElo "1669"]
[PlyCount "66"]
[WhiteFideId "24632139"]
[BlackFideId "4699939"]
[EventCountry "GER"]
[EventRounds "9"]
[EventType "swiss"]
[EventDate "2003.06.07"]

1. e4 c5 2. d4 cxd4 3. c3 dxc3 4. Nxc3 Nc6 5. Nf3 d6 6. Bc4 e6 7. O-O Nf6 8.
Qe2 Be7 9. Rd1 Bd7 10. Bf4 e5 11. Bg3 a6 12. h3 O-O 13. Bh2 Ne8 14. g4 h5 15.
gxh5 Bxh3 16. Kh1 Bg4 17. Qe3 Bxh5 18. Ne2 Nf6 19. Kg2 Ng4 20. Qc3 Nxh2 21.
Nxh2 Na5 22. Bd3 Rc8 23. Qe1 Nc4 24. Rab1 Bh4 25. Bxc4 Rxc4 26. Qf1 Rc2 27. f3
Qg5+ 28. Kh1 Qe3 29. Ng1 Bg3 30. Qh3 Rxh2+ 31. Qxh2 Bxh2 32. Kxh2 Bxf3 33. Nxf3
Qxf3 0-1

[Event "DEM U14w 2003"]
[Site "Willingen GER"]
[Date "2003.06.08"]
[Round "2"]
[White "Mucha, Annegret"]
[Black "Nguyen, Hoa My"]
[Result "1/2-1/2"]
[Termination "normal"]
[Board "4"]
[WhiteElo "1409"]
[BlackElo "1627"]
[PlyCount "78"]
[WhiteFideId "24622788"]
[EventCountry "GER"]
[EventRounds "9"]
[EventType "swiss"]
[EventDate "2003.06.07"]

1. e4 c5 2. Nc3 d6 3. f4 e6 4. Nf3 Nc6 5. Bc4 Nge7 6. d3 d5 7. Bb3 b6 8. O-O
Bb7 9. Qe1 d4 10. Ne2 g6 11. Qh4 Bg7 12. f5 exf5 13. Ng5 Ne5 14. Bf4 h6 15.
Bxe5 hxg5 16. Qg3 f6 17. Bc7 Qd7 18. Qd6 Qxd6 19. Bxd6 fxe4 20. dxe4 Nc8 21.
Bg3 Bxe4 22. Rae1 f5 23. Nc1 Kd8 24. Nd3 Bxd3 25. cxd3 f4 26. Bf2 Re8 27. Rxe8+
Kxe8 28. Re1+ Kf8 29. g3 Bf6 30. Re4 Nd6 31. Re6 Ne8 32. Kg2 Kg7 33. Kf3 fxg3
34. Bxg3 Rc8 35. Bc4 Rd8 36. Bb5 Kf7 37. Bc4 Kg7 38. Bb5 Kf7 39. Bc4 Kg7
1/2-1/2

[Event "DEM U14w 2003"]
[Site "Willingen GER"]
[Date "2003.06.08"]
[Round "2"]
[White "Saak, Sarah"]
[Black "Weiß, Katharina"]
[Result "1/2-1/2"]
[Termination "normal"]
[Board "5"]
[WhiteElo "1611"]
[BlackElo "1541"]
[PlyCount "52"]
[BlackFideId "24692859"]
[EventCountry "GER"]
[EventRounds "9"]
[EventType "swiss"]
[EventDate "2003.06.07"]

1. e4 c5 2. Nc3 Nc6 3. g3 g6 4. Bg2 Bg7 5. d3 d6 6. f4 e6 7. Nf3 Nge7 8. O-O
Rb8 9. h3 O-O 10. g4 f5 11. Qe1 Nd4 12. Qf2 b5 13. Be3 Nec6 14. exf5 exf5 15.
Nxd4 Nxd4 16. g5 b4 17. Nd5 a5 18. Rfe1 Nb5 19. Rab1 a4 20. Kh1 Nc7 21. Bd2 Bb7
22. Ne7+ Kh8 23. Nc6 Bxc6 24. Bxc6 Nb5 25. Qg2 Qc7 26. Qd5 Rfc8 1/2-1/2

[Event "DEM U14w 2003"]
[Site "Willingen GER"]
[Date "2003.06.08"]
[Round "2"]
[White "Ley, Janine"]
[Black "Gossmann, Anna Maria"]
[Result "0-1"]
[Termination "normal"]
[Board "6"]
[WhiteElo "1360"]
[BlackElo "1575"]
[PlyCount "96"]
[WhiteFideId "24671274"]
[EventCountry "GER"]
[EventRounds "9"]
[EventType "swiss"]
[EventDate "2003.06.07"]

1. c4 e5 2. Nc3 Nc6 3. b3 f5 4. Bb2 Nf6 5. g3 g6 6. Bg2 Bg7 7. e3 d6 8. d4 O-O
9. Nge2 Qe8 10. O-O g5 11. Nd5 Nxd5 12. Bxd5+ Kh8 13. Bg2 Qh5 14. f4 Re8 15. d5
Nd8 16. fxg5 Qxg5 17. e4 fxe4 18. Bxe4 Qe3+ 19. Kg2 Qxe4+ 20. Kg1 Bh3 21. Rf2
Bh6 22. Bc1 Be3 23. Bxe3 Qxe3 24. Qe1 Rf8 25. Nc3 Qxf2+ 26. Qxf2 Rxf2 27. Kxf2
a6 28. Rd1 Nf7 29. Rd3 Bg4 30. Ne4 Rf8 31. Kg2 Bf5 32. Re3 Bxe4+ 33. Rxe4 Nh6
34. g4 Rg8 35. h3 Nf5 36. Re2 Nd4 37. Rf2 Kg7 38. g5 Rf8 39. Rd2 Kg6 40. h4 Rf4
41. Kg3 Rxh4 42. Rg2 Kxg5 43. Kf2+ Rg4 44. Rh2 h5 45. Ke3 h4 46. Kf2 Rf4+ 47.
Kg2 Kg4 48. Kg1 Nf3+ 0-1